Zdjęcia satelitarne - archipelagi - Statystyki

Ogólne statystyki
  • Ten quiz został rozwiązany 1 110 razy
    1 083 od ostatniego zresetowania
  • Średni wynik to 7 z 16
Statystyki odpowiedzi
Obrazkowy Odpowiedź % Poprawnych
Hawaje
79%
Filipiny
74%
Wyspy Maltańskie
66%
Wyspy Kanaryjskie
59%
Wyspy Japońskie
53%
Baleary
51%
Ziemia Ognista
49%
Wielkie Antyle
45%
Wyspy Owcze
44%
Falklandy
41%
Fidżi
38%
Aleuty
28%
Szetlandy
27%
Galapagos
21%
Hebrydy Zewnętrzne
20%
Florida Keys
11%
Nie znaleziono quizów pasujących do podanych kryteriów
Rozkład punktacji
Procent ludzi z każdym wynikiem
Percentyl według liczby udzielonych odpowiedzi
Twoja historia wyników
Nie rozwiązałeś tego quizu od ostatniego zresetowania